[Event "Stockholm All Saints op"]
[Site "Stockholm"]
[Date "2015.11.01"]
[Round "7"]
[White "Helin, Mikael"]
[Black "Marchand, Erick"]
[Result "0-1"]
[WhiteElo "1881"]
[BlackElo "1425"]
[PlyCount "74"]
[EventDate "2015.10.29"]
[EventType "swiss"]
[EventRounds "7"]
[EventCountry "SWE"]
[SourceTitle "CBM 169 Extra"]
[Source "ChessBase"]
[SourceDate "2015.12.18"]
[SourceVersion "1"]
[SourceVersionDate "2015.12.18"]
[SourceQuality "1"]

1. e4 e6 2. Nf3 c5 3. a3 b6 4. b4 Bb7 5. d3 d6 6. c3 Nf6 7. Ng5 h6 8. Nh3 Be7 9. f4 e5 10. c4 Nc6 11. Bd2 a6 12. Bc3 Nd4 13. Nd2 Qd7 14. Bxd4 cxd4 15. Nf3 Ng4 16. Qe2 Bf6 17. g3 Ne3 18. Nf2 Qa4 19. Ra2 b5 20. c5 exf4 21. gxf4 dxc5 22. e5 Be7 23. Rg1 cxb4 24. Ne4 Bxe4 25. dxe4 b3 26. Rd2 b4 27. Nxd4 Bh4+ 28. Rg3 Bxg3+ 29. hxg3 Nxf1 30. Kxf1 bxa3 31. Nf5 a2 32. Kf2 a1Q 33. Nd6+ Kf8 34. Nxf7 Qb5 35. Nxh8 Qxe2+ 36. Kxe2 Kg8 37. Ng6 b2 0-1

[Event "Stockholm All Saints op"]
[Site "Stockholm"]
[Date "2015.10.29"]
[Round "1"]
[White "Pettersson, Kjell"]
[Black "Marchand, Erick"]
[Result "0-1"]
[WhiteElo "1767"]
[BlackElo "1425"]
[PlyCount "42"]
[EventDate "2015.10.29"]
[EventType "swiss"]
[EventRounds "7"]
[EventCountry "SWE"]
[SourceTitle "CBM 169 Extra"]
[Source "ChessBase"]
[SourceDate "2015.12.18"]
[SourceVersion "1"]
[SourceVersionDate "2015.12.18"]
[SourceQuality "1"]

1. e4 c5 2. Nc3 e6 3. f4 d5 4. Nf3 a6 5. g3 b5 6. d3 b4 7. Na4 Bb7 8. e5 Nd7 9. Bg2 Nh6 10. 0-0 Nf5 11. g4 Nd4 12. c3 Nxf3+ 13. Bxf3 Be7 14. Be3 0-0 15. Rc1 Qa5 16. c4 Bc6 17. b3 Rac8 18. d4 cxd4 19. Qxd4 Bxa4 20. bxa4 Bc5 21. Qd3 dxc4 0-1

[Event "SWE-chT2 1112"]
[Site "Sweden"]
[Date "2011.12.03"]
[Round "3"]
[White "Marchand, Erick"]
[Black "Dolgov, Mikhail"]
[Result "0-1"]
[WhiteElo "2185"]
[BlackElo "2016"]
[PlyCount "84"]
[EventDate "2011.10.22"]
[EventType "team-tourn"]
[EventRounds "9"]
[EventCountry "SWE"]
[SourceTitle "EXT 2013"]
[Source "ChessBase"]
[SourceDate "2012.11.22"]
[SourceVersion "1"]
[SourceVersionDate "2012.11.22"]
[SourceQuality "1"]
[WhiteTeam "Wasa"]
[BlackTeam "Rodeby"]
[WhiteTeamCountry "SWE"]
[BlackTeamCountry "SWE"]

1. d4 f5 2. g3 Nf6 3. Bg2 d5 4. Nf3 e6 5. c4 c6 6. 0-0 Bd6 7. b3 Qe7 8. a4 a5 9. Ba3 Bxa3 10. Nxa3 Na6 11. Nc2 0-0 12. Ne5 Nd7 13. Nd3 Nb6 14. Qd2 dxc4 15. bxc4 Nxc4 16. Qc3 Nd6 17. Qxa5 Nc7 18. Qc5 Nd5 19. Ncb4 Ne4 20. Qxe7 Nxe7 21. Bxe4 fxe4 22. Ne5 Nd5 23. Nxd5 exd5 24. Kg2 Re8 25. Rfc1 Ra5 26. e3 c5 27. Rc2 c4 28. Rb2 Re6 29. Rb5 Rea6 30. Rab1 Kf8 31. Kf1 Rxa4 32. Rxd5 Bh3+ 33. Ke1 Ra1 34. Rdb5 c3 35. Kd1 Bf1 36. Kc2 Bxb5 37. Rxb5 R6a2+ 38. Kxc3 Rc1+ 39. Kb4 Rxf2 40. Nd7+ Ke7 41. Nc5 b6 42. Rxb6 Rb2+ 0-1

[Event "SWE-chT2 1011"]
[Site "Sweden"]
[Date "2010.10.24"]
[Round "1"]
[White "Marchand, Erick"]
[Black "Marklund, Niklas"]
[Result "1-0"]
[WhiteElo "2196"]
[BlackElo "2170"]
[PlyCount "67"]
[EventDate "2010.10.23"]
[EventType "team-tourn"]
[EventRounds "9"]
[EventCountry "SWE"]
[SourceTitle "EXT 2012"]
[Source "ChessBase"]
[SourceDate "2011.11.24"]
[SourceVersion "1"]
[SourceVersionDate "2011.11.24"]
[SourceQuality "1"]
[WhiteTeam "Wasa"]
[BlackTeam "Lulea"]
[WhiteTeamCountry "SWE"]
[BlackTeamCountry "SWE"]

1. d4 Nf6 2. c4 c5 3. d5 b5 4. cxb5 g6 5. Nc3 a6 6. b6 d6 7. Nf3 Bg7 8. e4 0-0 9. Nd2 Nbd7 10. a4 Nxb6 11. a5 Nbd7 12. Nc4 Ne8 13. Be2 Nc7 14. 0-0 Nb5 15. Na4 Rb8 16. Bd2 Bb7 17. Bc3 Nd4 18. Nab6 Nf6 19. Bd3 e6 20. dxe6 Nxe4 21. Nd7 fxe6 22. Nxf8 Qxf8 23. f3 Nxc3 24. bxc3 Nb5 25. Nb6 Nxc3 26. Qe1 Qf6 27. Kh1 Rd8 28. Qe3 Kf7 29. Rae1 Qe5 30. Be4 d5 31. Qxc5 dxe4 32. fxe4+ Ke8 33. Rf8+ Bxf8 34. Qxe5 1-0

[Event "Vienna-ch"]
[Site "Vienna"]
[Date "2004.10.27"]
[Round "4"]
[White "Marchand, Erick"]
[Black "Kilgus, Georg"]
[Result "0-1"]
[WhiteElo "2217"]
[BlackElo "2342"]
[PlyCount "93"]
[EventDate "2004.??.??"]
[EventType "swiss"]
[EventRounds "7"]
[EventCountry "AUT"]
[SourceTitle "EXT 2005"]
[Source "ChessBase"]
[SourceDate "2004.11.15"]
[SourceVersion "1"]
[SourceVersionDate "2004.11.15"]
[SourceQuality "1"]

1. d4 f5 2. g3 Nf6 3. Bg2 g6 4. Nf3 Bg7 5. 0-0 0-0 6. c4 d6 7. Nc3 c6 8. d5 e5 9. e4 cxd5 10. cxd5 Na6 11. exf5 gxf5 12. Nh4 Bd7 13. Bh3 f4 14. Be6+ Bxe6 15. dxe6 Qe7 16. gxf4 Qxe6 17. fxe5 dxe5 18. Qb3 Qxb3 19. axb3 Nc5 20. Be3 Nxb3 21. Rxa7 Rxa7 22. Bxa7 Nh5 23. Be3 Nf4 24. Ne4 Ne2+ 25. Kh1 Rf7 26. Rd1 Ned4 27. Rg1 Kh8 28. Nd6 Rd7 29. Nhf5 Bf8 30. Bg5 Nxf5 31. Nxf5 Rf7 32. Ng3 h6 33. Be3 Nd4 34. Ne4 Rc7 35. Nf6 Rg7 36. Rxg7 Kxg7 37. Ne4 Kf7 38. Kg2 h5 39. Nc3 h4 40. f3 Be7 41. h3 Nc2 42. Bd2 Nb4 43. Ne4 Nd3 44. Ng5+ Kf6 45. b3 b5 46. Ne4+ Kf5 47. Kh2 0-1

[Event "Vienna-ch"]
[Site "Vienna"]
[Date "2004.10.24"]
[Round "1"]
[White "Marchand, Erick"]
[Black "Sekyra, Michael"]
[Result "1/2-1/2"]
[WhiteElo "2217"]
[BlackElo "2052"]
[PlyCount "61"]
[EventDate "2004.??.??"]
[EventType "swiss"]
[EventRounds "7"]
[EventCountry "AUT"]
[SourceTitle "EXT 2005"]
[Source "ChessBase"]
[SourceDate "2004.11.15"]
[SourceVersion "1"]
[SourceVersionDate "2004.11.15"]
[SourceQuality "1"]

1. d4 d5 2. c4 Nc6 3. cxd5 Qxd5 4. e3 e5 5. Nc3 Bb4 6. Bd2 Bxc3 7. bxc3 Nf6 8. c4 Qd6 9. d5 Ne7 10. f3 c6 11. e4 b5 12. dxc6 b4 13. Be3 Qxc6 14. a3 bxa3 15. Rxa3 0-0 16. Bd3 Be6 17. Ne2 Rfc8 18. c5 Nd7 19. Rc3 Rab8 20. Qa1 Rb4 21. 0-0 Rcb8 22. Rb1 a5 23. Rbc1 Ra4 24. Ra3 Rxa3 25. Qxa3 a4 26. Rb1 Rxb1+ 27. Bxb1 Qb5 28. Nc3 Qb3 29. Bc1 Nc6 30. Ba2 Qxa3 31. Bxa3 1/2-1/2

[Event "Vienna op 14th"]
[Site "Vienna"]
[Date "2003.08.22"]
[Round "7"]
[White "Marchand, Erick"]
[Black "Richter, Michael"]
[Result "0-1"]
[WhiteElo "2192"]
[BlackElo "2428"]
[PlyCount "77"]
[EventDate "2003.08.16"]
[EventType "swiss"]
[EventRounds "9"]
[EventCountry "AUT"]
[SourceTitle "CBM 095 Extra"]
[Source "ChessBase"]
[SourceDate "2003.09.04"]
[SourceVersion "1"]
[SourceVersionDate "2003.09.04"]
[SourceQuality "1"]

1. d4 Nf6 2. c4 e6 3. Nc3 Bb4 4. Bg5 c5 5. d5 h6 6. Bh4 d6 7. e3 0-0 8. Bd3 exd5 9. cxd5 Nbd7 10. Nge2 a6 11. 0-0 b5 12. Rc1 Bxc3 13. Nxc3 b4 14. Ne4 g5 15. Nxf6+ Nxf6 16. Bg3 Qe7 17. e4 Re8 18. h3 Bb7 19. e5 dxe5 20. d6 Qe6 21. Rxc5 Bd5 22. d7 Qxd7 23. Re1 e4 24. Rc7 Qe6 25. Bf1 Bxa2 26. Qd4 Rad8 27. Qa7 Ra8 28. Qc5 a5 29. Rc6 Qd5 30. Qc1 Re6 31. Rc5 Qb7 32. Rd1 a4 33. h4 e3 34. hxg5 Ne4 35. Qxe3 Qb6 36. g6 Qxc5 37. gxf7+ Kg7 38. Qf4 Rf8 39. Rd7 0-1

[Event "Vienna op 14th"]
[Site "Vienna"]
[Date "2003.08.18"]
[Round "3"]
[White "Groetz, Harald"]
[Black "Marchand, Erick"]
[Result "1-0"]
[WhiteElo "2336"]
[BlackElo "2192"]
[PlyCount "63"]
[EventDate "2003.08.16"]
[EventType "swiss"]
[EventRounds "9"]
[EventCountry "AUT"]
[SourceTitle "CBM 095 Extra"]
[Source "ChessBase"]
[SourceDate "2003.09.04"]
[SourceVersion "1"]
[SourceVersionDate "2003.09.04"]
[SourceQuality "1"]

1. e4 e5 2. Nf3 Nc6 3. Bb5 a6 4. Bxc6 dxc6 5. 0-0 Bg4 6. h3 h5 7. d3 Bd6 8. hxg4 hxg4 9. Ng5 Nh6 10. Re1 f6 11. Ne6 Qe7 12. Bxh6 Qxe6 13. Be3 0-0-0 14. Nd2 f5 15. exf5 Qxf5 16. Ne4 Qh5 17. Ng3 Qh4 18. Kf1 e4 19. Nxe4 g3 20. Bg5 Qh1+ 21. Ke2 Qh5+ 22. f3 Qh2 23. Rg1 Rde8 24. Qf1 Qh5 25. Rh1 Qg6 26. Be3 Rhf8 27. Rh3 Qf5 28. Qe1 Qb5 29. Qc3 g5 30. a4 Qf5 31. Rh5 Rg8 32. Rah1 1-0

[Event "Agneaux St Lo op 01st"]
[Site "Agneaux"]
[Date "1997.??.??"]
[Round "?"]
[White "Marchand, Erick"]
[Black "Dumitrache, Dragos Nicolae"]
[Result "0-1"]
[WhiteElo "2220"]
[BlackElo "2495"]
[PlyCount "62"]
[EventDate "1997.02.??"]
[EventType "swiss"]
[EventRounds "7"]
[EventCountry "FRA"]
[SourceTitle "EXT 2003"]
[Source "ChessBase"]
[SourceDate "2002.11.25"]
[SourceVersion "1"]
[SourceVersionDate "2002.11.25"]
[SourceQuality "1"]

1. d4 d5 2. c4 e6 3. Nc3 c6 4. e3 Nf6 5. Nf3 Nbd7 6. Qc2 Bd6 7. Be2 0-0 8. 0-0 Qe7 9. e4 dxe4 10. Nxe4 Nxe4 11. Qxe4 c5 12. Bf4 Bxf4 13. Qxf4 cxd4 14. Qxd4 e5 15. Qd2 Nf6 16. Rfd1 b6 17. Qd6 Qxd6 18. Rxd6 Re8 19. c5 Ne4 20. Rd5 Bb7 21. Rxe5 Nxc5 22. Rxe8+ Rxe8 23. Bb5 Rd8 24. b4 Ne6 25. Rc1 Bxf3 26. gxf3 g6 27. Kg2 Kg7 28. Rc2 Rd1 29. Bc4 Nf4+ 30. Kg3 g5 31. h3 Rh1 0-1

[Event "Pau"]
[Site "Pau"]
[Date "1989.??.??"]
[Round "?"]
[White "Marchand, Erick"]
[Black "Hauchard, Arnaud"]
[Result "0-1"]
[WhiteElo "2275"]
[BlackElo "2315"]
[PlyCount "60"]
[EventDate "1989.??.??"]
[EventType "tourn"]
[EventRounds "9"]
[EventCountry "FRA"]
[SourceTitle "EXT 1997"]
[Source "ChessBase"]
[SourceDate "1996.11.15"]
[SourceVersion "1"]
[SourceVersionDate "1996.11.15"]
[SourceQuality "1"]

1. d4 Nf6 2. c4 e6 3. Nc3 Bb4 4. a3 Bxc3+ 5. bxc3 c5 6. e3 0-0 7. Bd3 Nc6 8. Ne2 d6 9. e4 e5 10. d5 Na5 11. 0-0 b6 12. f4 Ne8 13. fxe5 dxe5 14. Rf3 Nd6 15. Qf1 f5 16. Ng3 f4 17. Ne2 g5 18. Rb1 Ba6 19. Nd4 cxd4 20. cxd4 exd4 21. e5 Nf5 22. g3 Ne3 23. Qh3 Qe7 24. d6 Qg7 25. Qe6+ Kh8 26. d7 Rad8 27. Kh1 Bb7 28. Bxe3 Bxf3+ 29. Kg1 fxe3 30. Bf5 Bc6 0-1